[Event "Hum na Sutli op 15th"]
[Site "Hum na Sutli"]
[Date "2023.08.28"]
[Round "4"]
[White "Cvitkovic, Filip"]
[Black "Struklec, Milan"]
[Result "1-0"]
[WhiteElo "2122"]
[BlackElo "1788"]
[PlyCount "79"]
[EventDate "2023.08.26"]
[EventType "swiss"]
[EventRounds "9"]
[EventCountry "CRO"]
[SourceTitle "EXT 2024"]
[Source "ChessBase"]
[SourceDate "2023.10.10"]
[SourceVersion "1"]
[SourceVersionDate "2023.10.10"]
[SourceQuality "1"]

1. d4 d5 2. c4 e6 3. Nc3 Bb4 4. a3 Bxc3+ 5. bxc3 Ne7 6. e3 0-0 7. Bd3 c6 8. Ne2 b6 9. cxd5 cxd5 10. f3 Ba6 11. Bxa6 Nxa6 12. 0-0 Nc7 13. e4 Ng6 14. Qd3 Qd7 15. c4 dxc4 16. Qxc4 Rac8 17. Bb2 Nb5 18. Qa4 Rfd8 19. Rac1 h6 20. Rfd1 Rxc1 21. Rxc1 Nd6 22. Qb4 Rc8 23. Rxc8+ Nxc8 24. g3 Qc6 25. Nc3 Nd6 26. d5 Qc5+ 27. Qxc5 bxc5 28. dxe6 fxe6 29. Na4 Nb7 30. f4 Nf8 31. Kf2 Nd7 32. Ke3 Nb6 33. Nxb6 axb6 34. a4 Kf7 35. Kd3 Nd6 36. Be5 Nc8 37. Kc4 g6 38. Kb5 Ke7 39. Kc6 c4 40. Kc7 1-0

[Event "Zagreb Damjanovic Memorial 2nd"]
[Site "Zagreb"]
[Date "2018.07.17"]
[Round "2"]
[White "Cvitkovic, Filip"]
[Black "Zaja, Ivan"]
[Result "0-1"]
[WhiteElo "2087"]
[BlackElo "2441"]
[PlyCount "80"]
[EventDate "2018.07.16"]
[EventType "swiss"]
[EventRounds "9"]
[EventCountry "CRO"]
[SourceTitle "EXT 2019"]
[Source "ChessBase"]
[SourceDate "2018.10.10"]
[SourceVersion "1"]
[SourceVersionDate "2018.10.10"]
[SourceQuality "1"]

1. d4 Nf6 2. c4 e6 3. Nc3 Bb4 4. Qc2 c5 5. dxc5 0-0 6. Nf3 Na6 7. a3 Bxc3+ 8. Qxc3 Nxc5 9. b4 Nce4 10. Qd4 d6 11. Bb2 e5 12. Qe3 a5 13. Rd1 axb4 14. axb4 Ra4 15. Bxe5 dxe5 16. Rxd8 Rxd8 17. Qc1 Ng4 18. Nxe5 Ngxf2 19. Rg1 Bf5 20. Nd3 Rda8 21. Nxf2 Ra1 22. Qd1 Rxd1+ 23. Nxd1 Ra4 24. b5 Rxc4 25. e3 Rc5 26. g4 Bd7 27. b6 Rc1 28. Rg2 Ba4 29. Be2 Nc3 30. Kd2 Nxe2 31. Nf2 Rc2+ 32. Kd3 Nc1+ 33. Kd4 Nb3+ 34. Ke5 Bc6 35. e4 Nc5 36. Rg1 Rxf2 37. Ra1 Nd7+ 38. Kd6 Nxb6 39. Ke7 Na4 40. Rd1 g5 0-1

[Event "Bjelovar op"]
[Site "Bjelovar"]
[Date "2017.08.05"]
[Round "6"]
[White "Mrdja, Milan"]
[Black "Cvitkovic, Filip"]
[Result "0-1"]
[WhiteElo "2342"]
[BlackElo "2151"]
[PlyCount "108"]
[EventDate "2017.08.03"]
[EventType "swiss"]
[EventRounds "7"]
[EventCountry "CRO"]
[SourceTitle "CBM 180 Extra"]
[Source "ChessBase"]
[SourceDate "2017.10.06"]
[SourceVersion "1"]
[SourceVersionDate "2017.10.06"]
[SourceQuality "1"]

1. e4 c5 2. Nf3 d6 3. d4 cxd4 4. Qxd4 Nc6 5. Bb5 Bd7 6. Bxc6 Bxc6 7. Nc3 Nf6 8. Bg5 e6 9. 0-0-0 Be7 10. Rhe1 0-0 11. Kb1 Qa5 12. Qd2 Qc7 13. Nd4 a6 14. f3 Rfc8 15. g4 b5 16. Nxc6 Qxc6 17. Ne2 a5 18. h4 b4 19. Nd4 Qb7 20. Qe2 Rc5 21. Nb3 Rc6 22. f4 a4 23. Nc1 Rac8 24. Rd2 Rc4 25. Qg2 b3 26. axb3 axb3 27. Nxb3 Rxe4 28. Rxe4 Nxe4 29. Re2 Bxg5 30. hxg5 d5 31. Qh3 Qb4 32. Qh4 Qc4 33. Qe1 Ra8 34. Nc1 Qa6 35. c3 Nc5 36. Kc2 Qa4+ 37. Kb1 Qa1+ 38. Kc2 Rb8 39. b4 Ne4 40. Rxe4 Qa4+ 41. Kb2 dxe4 42. Qxe4 Ra8 43. f5 Re8 44. f6 Qb5 45. Qe3 Qf1 46. Nd3 Ra8 47. Nc1 gxf6 48. gxf6 Qxf6 49. Kb3 Qg6 50. Nd3 Qxg4 51. Nb2 h5 52. b5 h4 53. b6 h3 54. Qe5 Qg2 0-1

[Event "Bjelovar op"]
[Site "Bjelovar"]
[Date "2017.08.04"]
[Round "3"]
[White "Cvitkovic, Filip"]
[Black "Srbis, Jurica"]
[Result "0-1"]
[WhiteElo "2151"]
[BlackElo "2417"]
[PlyCount "79"]
[EventDate "2017.08.03"]
[EventType "swiss"]
[EventRounds "7"]
[EventCountry "CRO"]
[SourceTitle "CBM 180 Extra"]
[Source "ChessBase"]
[SourceDate "2017.10.06"]
[SourceVersion "1"]
[SourceVersionDate "2017.10.06"]
[SourceQuality "1"]

1. d4 Nf6 2. c4 e6 3. Nc3 Bb4 4. Qc2 c5 5. dxc5 Qa5 6. Bd2 Qxc5 7. a3 Bxc3 8. Qxc3 0-0 9. Nf3 Nc6 10. b4 Qf5 11. Nd4 Nxd4 12. Qxd4 d5 13. Bc3 dxc4 14. f3 b5 15. e4 Qg5 16. a4 Bd7 17. Bd2 Qg6 18. axb5 Bxb5 19. Rxa7 Rad8 20. Qc5 Nxe4 21. fxe4 Qxe4+ 22. Be3 Rd5 23. Qb6 Rfd8 24. Be2 Qb1+ 25. Kf2 Qxh1 26. Bf3 Rd3 27. Be4 Rd1 28. Qxb5 Qg1+ 29. Kf3 Rf1+ 30. Kg3 Qxe3+ 31. Bf3 Qxa7 32. Qxc4 Qf2+ 33. Kh3 g5 34. Be2 Qf5+ 35. Kg3 Qf4+ 36. Kh3 g4+ 37. Kh4 Qxh2+ 38. Kxg4 Qxg2+ 39. Kh5 Rh1+ 40. Qh4 0-1

[Event "Topusko op 4th"]
[Site "Topusko"]
[Date "2015.08.02"]
[Round "3"]
[White "Cvitkovic, Filip"]
[Black "Dasic, Jelena"]
[Result "1-0"]
[WhiteElo "2095"]
[BlackElo "1728"]
[PlyCount "49"]
[EventDate "2015.08.01"]
[EventType "swiss"]
[EventRounds "9"]
[EventCountry "CRO"]
[SourceTitle "CBM 167 Extra"]
[Source "ChessBase"]
[SourceDate "2015.09.14"]
[SourceVersion "1"]
[SourceVersionDate "2015.09.14"]
[SourceQuality "1"]

1. d4 Nf6 2. c4 e6 3. Nc3 Bb4 4. Nf3 b6 5. Qc2 Bb7 6. a3 Bxc3+ 7. Qxc3 Ne4 8. Qc2 0-0 9. g3 d5 10. Bg2 Nd7 11. 0-0 c5 12. dxc5 Ndxc5 13. b4 Nd7 14. cxd5 Bxd5 15. Bb2 Rc8 16. Qd3 Ndf6 17. Rac1 Qe7 18. Ne5 Rfd8 19. Qe3 Qb7 20. f3 Nd6 21. Rxc8 Rxc8 22. Rc1 Nf5 23. Qd2 Ne8 24. Rxc8 Qxc8 25. e4 1-0

[Event "Zagreb op"]
[Site "Zagreb"]
[Date "2015.04.19"]
[Round "3"]
[White "Cvitkovic, Filip"]
[Black "Rogulj, Branko"]
[Result "1/2-1/2"]
[WhiteElo "2086"]
[BlackElo "2426"]
[PlyCount "144"]
[EventDate "2015.04.17"]
[EventType "swiss"]
[EventRounds "9"]
[EventCountry "CRO"]
[SourceTitle "CBM 166 Extra"]
[Source "ChessBase"]
[SourceDate "2015.06.18"]
[SourceVersion "1"]
[SourceVersionDate "2015.06.18"]
[SourceQuality "1"]

1. d4 Nf6 2. c4 c5 3. d5 e6 4. Nc3 exd5 5. cxd5 d6 6. Nf3 g6 7. Bf4 a6 8. a4 Bg7 9. e4 0-0 10. Nd2 Nh5 11. Be3 Nd7 12. Be2 Nhf6 13. 0-0 Ne8 14. Re1 f5 15. exf5 gxf5 16. f3 Ne5 17. Qb3 b6 18. Qa3 Qh4 19. Rab1 Ra7 20. Bf2 Qh6 21. Nf1 f4 22. b4 Bf5 23. Rb2 Qf6 24. bxc5 bxc5 25. Nd1 Nc7 26. Qb3 Raa8 27. Nd2 Qg6 28. Nc3 Nd3 29. Bxd3 Bxd3 30. Re7 Rf7 31. Rxf7 Qxf7 32. Nde4 Be5 33. Rd2 c4 34. Qb7 Qg7 35. Nd1 Kh8 36. Bb6 Bd4+ 37. Bxd4 Qxd4+ 38. Ndf2 Qg7 39. Nxd3 cxd3 40. Rxd3 Rg8 41. Rd2 Qa1+ 42. Kf2 Qh1 43. Qb2+ Rg7 44. Qb8+ Rg8 45. Qb2+ Rg7 46. Ng5 Qxh2 47. Qb8+ Rg8 48. Nf7+ Kg7 49. Qxc7 Qh4+ 50. Ke2 Re8+ 51. Ne5+ Qe7 52. Qxe7+ Rxe7 53. Kd3 Rxe5 54. Kc4 Kf6 55. Kb4 Re3 56. Ka5 Ke5 57. Kxa6 Rb3 58. a5 h5 59. Ka7 h4 60. a6 h3 61. gxh3 Rxf3 62. h4 Rh3 63. Ra2 Rxh4 64. Kb6 Kxd5 65. a7 Rh8 66. a8Q+ Rxa8 67. Rxa8 f3 68. Re8 Kd4 69. Kc6 d5 70. Rf8 Ke3 71. Kxd5 f2 72. Kc4 Ke2 1/2-1/2

[Event "Zagreb op"]
[Site "Zagreb"]
[Date "2015.04.18"]
[Round "2"]
[White "Sale, Srdjan"]
[Black "Cvitkovic, Filip"]
[Result "1/2-1/2"]
[WhiteElo "2391"]
[BlackElo "2086"]
[PlyCount "66"]
[EventDate "2015.04.17"]
[EventType "swiss"]
[EventRounds "9"]
[EventCountry "CRO"]
[SourceTitle "CBM 166 Extra"]
[Source "ChessBase"]
[SourceDate "2015.06.18"]
[SourceVersion "1"]
[SourceVersionDate "2015.06.18"]
[SourceQuality "1"]

1. e4 c5 2. Nf3 d6 3. Nc3 Nf6 4. e5 dxe5 5. Nxe5 a6 6. Be2 e6 7. 0-0 Bd6 8. Nc4 Bc7 9. a4 Nc6 10. d3 h6 11. Be3 Nd4 12. a5 Bd7 13. Na4 Bxa4 14. Rxa4 0-0 15. Bf3 Nd5 16. g3 f5 17. Bxd4 cxd4 18. Re1 Rf6 19. Ra3 g5 20. c3 dxc3 21. bxc3 g4 22. Bg2 h5 23. Rb3 f4 24. Be4 fxg3 25. fxg3 Nxc3 26. Qd2 Qd4+ 27. Kg2 Nxe4 28. Rxe4 Qd5 29. Rb2 Raf8 30. Qc3 Rf3 31. Ne5 Bxa5 32. Qc1 R3f5 33. Qh6 Rxe5 1/2-1/2

[Event "Zadar op-B 21th"]
[Site "Zadar"]
[Date "2014.12.20"]
[Round "9"]
[White "Saric, Kristina"]
[Black "Cvitkovic, Filip"]
[Result "1/2-1/2"]
[WhiteElo "2173"]
[BlackElo "2113"]
[PlyCount "98"]
[EventDate "2014.12.14"]
[EventType "swiss"]
[EventRounds "9"]
[EventCountry "CRO"]
[SourceTitle "EXT 2016"]
[Source "ChessBase"]
[SourceDate "2015.10.08"]
[SourceVersion "1"]
[SourceVersionDate "2015.10.08"]
[SourceQuality "1"]

1. e4 c5 2. Nf3 d6 3. d4 cxd4 4. Qxd4 Nc6 5. Bb5 Bd7 6. Bxc6 Bxc6 7. Nc3 Nf6 8. Bg5 e6 9. Qd3 Be7 10. Nd4 0-0 11. f4 a6 12. 0-0-0 Rc8 13. h4 b5 14. e5 dxe5 15. fxe5 Nd5 16. Nxc6 Rxc6 17. Qg3 Nxc3 18. bxc3 Qc7 19. Bxe7 Qxe7 20. Rd6 Qc7 21. Rxc6 Qxc6 22. h5 h6 23. Rh4 Qd5 24. Kb2 f5 25. exf6 Rxf6 26. Rg4 Rf7 27. Qb8+ Kh7 28. Qe8 Qxh5 29. Qxe6 Qf5 30. Qxf5+ Rxf5 31. c4 bxc4 32. Rxc4 h5 33. g4 hxg4 34. Rxg4 g5 35. c4 Kg6 36. Kc3 Kh5 37. Rg2 Kh4 38. Kd4 Kh3 39. Rc2 g4 40. c5 g3 41. c6 g2 42. Rxg2 Kxg2 43. c7 Rf8 44. Kc5 Kf3 45. Kb6 Ke4 46. Kxa6 Kd5 47. Kb7 Kd6 48. c8Q Rxc8 49. Kxc8 Kc5 1/2-1/2

[Event "Zagreb op"]
[Site "Zagreb"]
[Date "2014.03.17"]
[Round "1"]
[White "Cvitkovic, Filip"]
[Black "Cvitan, Ognjen"]
[Result "1/2-1/2"]
[WhiteElo "2023"]
[BlackElo "2526"]
[PlyCount "98"]
[EventDate "2014.03.17"]
[EventType "swiss"]
[EventRounds "9"]
[EventCountry "CRO"]
[SourceTitle "CBM 159 Extra"]
[Source "ChessBase"]
[SourceDate "2014.04.24"]
[SourceVersion "1"]
[SourceVersionDate "2014.04.24"]
[SourceQuality "1"]

1. d4 Nf6 2. c4 e6 3. Nc3 Bb4 4. e3 0-0 5. Nge2 d5 6. a3 Be7 7. cxd5 exd5 8. g3 a5 9. Bg2 Na6 10. 0-0 c6 11. b3 Re8 12. Bb2 Bd6 13. Qd2 Qe7 14. Na4 Bf5 15. Nf4 Ne4 16. Qe2 Nc7 17. Rfc1 Ne6 18. Nd3 Qg5 19. Ndc5 Re7 20. Nxe4 dxe4 21. Nc5 Bxc5 22. dxc5 Bg4 23. Qc4 Bf3 24. Bxf3 exf3 25. h4 Qf5 26. g4 Qg6 27. Kh2 h5 28. Rg1 Rd7 29. gxh5 Qxh5 30. Rxg7+ Nxg7 31. Rg1 Rd2 32. Rxg7+ Kf8 33. Bf6 Rxf2+ 34. Kg1 Rg2+ 35. Rxg2 fxg2 36. Qf4 Kg8 37. Kxg2 Re8 38. Bd4 Qg6+ 39. Kf2 Kh7 40. Ke2 Re4 41. Qb8 Qg8 42. Qxb7 Qe8 43. Kd3 Rxh4 44. Qa7 Qe6 45. Kc3 Rxd4 46. Kxd4 Qd5+ 47. Kc3 Qe5+ 48. Kd3 Qd5+ 49. Kc3 Qe5+ 1/2-1/2

[Event "Hum na Sutli op 6th"]
[Site "Hum na Sutli"]
[Date "2012.09.07"]
[Round "1"]
[White "Zaja, Ivan"]
[Black "Cvitkovic, Filip"]
[Result "1-0"]
[WhiteElo "2505"]
[BlackElo "1894"]
[PlyCount "87"]
[EventDate "2012.09.07"]
[EventType "swiss"]
[EventRounds "9"]
[EventCountry "CRO"]
[SourceTitle "CBM 150 Extra"]
[Source "ChessBase"]
[SourceDate "2012.10.19"]
[SourceVersion "1"]
[SourceVersionDate "2012.10.19"]
[SourceQuality "1"]

1. d4 Nf6 2. c4 g6 3. Nc3 d5 4. cxd5 Nxd5 5. e4 Nxc3 6. bxc3 Bg7 7. Be3 c5 8. Qd2 Qa5 9. Rc1 0-0 10. d5 Rd8 11. h4 h5 12. Nf3 Nc6 13. Be2 Bg4 14. Bg5 Rd7 15. Ng1 Bxe2 16. Nxe2 Ne5 17. Bf4 Nc4 18. Qd3 b5 19. g4 hxg4 20. h5 g5 21. Bxg5 Be5 22. f4 Bd4 23. Nxd4 cxd4 24. Rg1 Qxa2 25. Qxd4 Qb2 26. Rd1 Qh2 27. Bxe7 g3 28. Rd3 g2 29. Kf2 Qxf4+ 30. Rf3 Qd2+ 31. Qxd2 Nxd2 32. Rxg2+ Kh8 33. Rxf7 Nxe4+ 34. Kf3 Rxe7 35. Rxe7 Nxc3 36. d6 Rf8+ 37. Kg3 Nd5 38. Rd2 Nf6 39. d7 Rd8 40. Rd6 Nxh5+ 41. Kh4 Ng7 42. Rh6+ Kg8 43. Rg6 b4 44. Rgxg7+ 1-0